[Event "Masters"]
[Site "Clichy"]
[Date "1998.??.??"]
[Round "1"]
[White "Georghiou, Paul"]
[Black "Vigus, James"]
[Result "1/2-1/2"]
[WhiteElo "2245"]
[BlackElo "2260"]
[PlyCount "23"]
[EventDate "1998.??.??"]

1. f4 d5 2. Nf3 Nf6 3. g3 g6 4. Bg2 Bg7 5. O-O O-O 6. d3 b6 7. c3 Bb7 8. e4
dxe4 9. Ng5 Nc6 10. Nxe4 Nxe4 11. dxe4 Qxd1 12. Rxd1 1/2-1/2

[Event "Masters"]
[Site "Clichy"]
[Date "1998.??.??"]
[Round "1"]
[White "Bergez, Luc"]
[Black "Verat, Laurent"]
[Result "1-0"]
[WhiteElo "2380"]
[BlackElo "2300"]
[PlyCount "73"]
[EventDate "1998.??.??"]

1. e4 e5 2. Nf3 Nc6 3. Bc4 Nf6 4. d3 h6 5. c3 d6 6. Nbd2 Be7 7. Bb3 O-O 8. h3
d5 9. g4 dxe4 10. dxe4 Nh7 11. Bd5 Ng5 12. Nc4 Be6 13. Nfxe5 Nxe5 14. Nxe5 c6
15. Bxe6 Qxd1+ 16. Kxd1 fxe6 17. Bxg5 Bxg5 18. Ke2 Bf4 19. Nd3 Rf7 20. Rad1
Raf8 21. Rhf1 Bc7 22. f3 b6 23. h4 g5 24. h5 Kg7 25. b4 Kf6 26. Nb2 Ke5 27. Rd3
Kf4 28. Nc4 b5 29. Nd2 Kg3 30. Nb3 Bb6 31. Nd4 Bxd4 32. cxd4 a5 33. Rg1+ Kh2
34. Kf2 axb4 35. Rg2+ Kh3 36. Rg3+ Kh2 37. Rd1 1-0

[Event "Masters"]
[Site "Clichy"]
[Date "1998.??.??"]
[Round "1"]
[White "Grimberg, Gilbert"]
[Black "Lukov, Valentin"]
[Result "1/2-1/2"]
[WhiteElo "2230"]
[BlackElo "2470"]
[PlyCount "39"]
[EventDate "1998.??.??"]

1. c4 e5 2. Nc3 f5 3. d4 e4 4. h4 Nf6 5. Nh3 Na6 6. Bg5 c6 7. e3 Be7 8. Nf4 Nc7
9. g4 Nxg4 10. Nxe4 d6 11. Bxe7 Qxe7 12. Ng5 Bd7 13. Bd3 O-O-O 14. Qd2 g6 15.
O-O-O Rhg8 16. Kb1 h6 17. Nf3 Ne6 18. Nxe6 Bxe6 19. h5 g5 20. d5 1/2-1/2

[Event "Masters"]
[Site "Clichy"]
[Date "1998.??.??"]
[Round "1"]
[White "Berthelot, Yannick"]
[Black "Montheard, Xavier"]
[Result "1-0"]
[WhiteElo "2285"]
[BlackElo "2220"]
[PlyCount "73"]
[EventDate "1998.??.??"]

1. e4 c5 2. Nf3 d6 3. d4 cxd4 4. Nxd4 Nf6 5. Nc3 g6 6. Be3 Bg7 7. f3 O-O 8. Qd2
Nc6 9. Bc4 Bd7 10. O-O-O Rc8 11. Bb3 Ne5 12. Kb1 Qe8 13. h4 b5 14. h5 Nxh5 15.
Bh6 Rxc3 16. Bxg7 Kxg7 17. Qxc3 Nf6 18. Rhe1 Qb8 19. f4 b4 20. Qg3 Neg4 21. e5
dxe5 22. fxe5 Nh5 23. Qh4 Nxe5 24. Qxe7 Re8 25. Qc5 Bg4 26. Rc1 Nf6 27. Nc6
Nxc6 28. Qxc6 Be2 29. Qc5 Qb7 30. Qf2 Qa6 31. c3 bxc3 32. Rxc3 Re7 33. a3 Ne4
34. Qd4+ f6 35. Re3 Bb5 36. Rxe4 Bd3+ 37. Ka2 1-0

[Event "Masters"]
[Site "Clichy"]
[Date "1998.??.??"]
[Round "1"]
[White "Bellaiche, Anthony"]
[Black "Murrey, Yaacov"]
[Result "1/2-1/2"]
[WhiteElo "2080"]
[BlackElo "2420"]
[PlyCount "85"]
[EventDate "1998.??.??"]

1. d4 f5 2. c4 Nf6 3. Nc3 e6 4. g3 Bb4 5. Bg2 Bxc3+ 6. bxc3 O-O 7. Nf3 d6 8.
O-O Ne4 9. Qc2 Nd7 10. Nd2 Nxd2 11. Bxd2 Nf6 12. Bg5 h6 13. Bxf6 Qxf6 14. Rab1
c6 15. f4 Qe7 16. e4 fxe4 17. Qxe4 Qc7 18. g4 d5 19. Qe3 dxc4 20. g5 Qf7 21.
Be4 Qh5 22. gxh6 Qxh6 23. Rf3 e5 24. fxe5 Qxe3+ 25. Rxe3 Rf4 26. Bg2 a5 27. e6
Kf8 28. e7+ Ke8 29. Rb6 Rf7 30. Rxc6 Rxe7 31. Rxe7+ Kxe7 32. Rc7+ Kd6 33. Rxg7
Rb8 34. Rg6+ Kc7 35. Rg5 b5 36. Rc5+ Kd6 37. h4 Bg4 38. Kf2 Bd1 39. Ke3 Bc2 40.
Be4 Bxe4 41. Kxe4 Re8+ 42. Kf3 Rh8 43. Kg3 1/2-1/2

[Event "Masters"]
[Site "Clichy"]
[Date "1998.??.??"]
[Round "2"]
[White "Lukov, Valentin"]
[Black "Georghiou, Paul"]
[Result "1/2-1/2"]
[WhiteElo "2470"]
[BlackElo "2245"]
[PlyCount "119"]
[EventDate "1998.??.??"]

1. Nf3 Nf6 2. c4 e6 3. g3 b6 4. Bg2 Bb7 5. O-O c5 6. b3 Be7 7. Nc3 a6 8. d4
cxd4 9. Qxd4 d6 10. Ba3 Nc6 11. Qd2 Qc7 12. Rfd1 Rd8 13. Rac1 Qb8 14. Qf4 O-O
15. Ng5 d5 16. Qxb8 Rxb8 17. Bxe7 Nxe7 18. cxd5 Nexd5 19. Nxd5 Bxd5 20. Bxd5
Nxd5 21. e4 Nf6 22. e5 Nd5 23. Ne4 Rfc8 24. Nd6 Rxc1 25. Rxc1 Kf8 26. Rc4 Ke7
27. Rg4 Rg8 28. Ra4 a5 29. Rc4 f6 30. Nc8+ Kd7 31. exf6 gxf6 32. Na7 Rg7 33.
Nb5 Rg8 34. Rh4 Rg7 35. Kg2 Kc6 36. a4 e5 37. Kf3 f5 38. Ke2 f4 39. Kd3 Kc5 40.
Nc3 Nxc3 41. Kxc3 fxg3 42. fxg3 Kd5 43. Kd3 Rc7 44. b4 axb4 45. Rxb4 Rc6 46.
Rb5+ Ke6 47. g4 Rd6+ 48. Ke3 Kf6 49. h4 h5 50. g5+ Kf5 51. Rb1 Rd4 52. Rxb6
Rxh4 53. g6 Rxa4 54. g7 Rg4 55. Rh6 Rg3+ 56. Ke2 Rxg7 57. Rxh5+ Ke4 58. Rh4+
Kd5 59. Ra4 Rg3 60. Rb4 1/2-1/2

[Event "Masters"]
[Site "Clichy"]
[Date "1998.??.??"]
[Round "2"]
[White "Vigus, James"]
[Black "Bellaiche, Anthony"]
[Result "1-0"]
[WhiteElo "2260"]
[BlackElo "2080"]
[PlyCount "57"]
[EventDate "1998.??.??"]

1. Nf3 Nf6 2. c4 g6 3. Nc3 Bg7 4. e4 d6 5. d4 O-O 6. Be2 e5 7. O-O Nc6 8. d5
Ne7 9. b4 Nd7 10. Nd2 f5 11. a4 Nf6 12. c5 fxe4 13. Ndxe4 Nxe4 14. Nxe4 h6 15.
cxd6 cxd6 16. g4 Kh7 17. Ra3 g5 18. Rh3 Kg8 19. Qd3 Bd7 20. Nxd6 Bxa4 21. Nxb7
Qb6 22. Nc5 Qxb4 23. Ba3 Qa5 24. d6 Nc6 25. Qc4+ Kh8 26. Qxa4 Qxa4 27. Nxa4 Nd4
28. Bd1 e4 29. Nc5 1-0

[Event "Masters"]
[Site "Clichy"]
[Date "1998.??.??"]
[Round "2"]
[White "Verat, Laurent"]
[Black "Grimberg, Gilbert"]
[Result "0-1"]
[WhiteElo "2300"]
[BlackElo "2230"]
[PlyCount "94"]
[EventDate "1998.??.??"]

1. d4 Nf6 2. c4 e6 3. g3 c5 4. d5 exd5 5. cxd5 d6 6. Bg2 g6 7. Nc3 Bg7 8. Nf3
O-O 9. O-O Re8 10. Re1 a6 11. a4 Ne4 12. Nxe4 Rxe4 13. Qc2 Rb4 14. e4 Nd7 15.
Ra2 b5 16. axb5 Rxb5 17. Bf1 Rb6 18. Bg5 Qe8 19. Bc4 Ne5 20. Nxe5 Bxe5 21. Be3
Bd7 22. f4 Bg7 23. e5 Bb5 24. b3 Rab8 25. Qf2 Bxc4 26. bxc4 Rb1 27. Rxb1 Rxb1+
28. Kg2 dxe5 29. Bxc5 exf4 30. Qxf4 h5 31. Qe3 Qc8 32. Re2 Kh7 33. d6 h4 34.
Qe4 h3+ 35. Kf3 Rd1 36. Bb4 Rf1+ 37. Rf2 Rc1 38. c5 a5 39. Ba3 Rc3+ 40. Ke2
Rxa3 41. c6 Qa6+ 42. Kd1 Ra1+ 43. Kd2 Ra2+ 44. Ke3 Qb6+ 45. Kf4 Qxf2+ 46. Kg5
Bf6+ 47. Kg4 Ra4 0-1

[Event "Masters"]
[Site "Clichy"]
[Date "1998.??.??"]
[Round "2"]
[White "Berthelot, Yannick"]
[Black "Bergez, Luc"]
[Result "0-1"]
[WhiteElo "2285"]
[BlackElo "2380"]
[PlyCount "110"]
[EventDate "1998.??.??"]

1. e4 c5 2. Nf3 d6 3. d4 cxd4 4. Nxd4 Nf6 5. Nc3 g6 6. Be3 Bg7 7. f3 O-O 8. Qd2
Nc6 9. Bc4 Bd7 10. O-O-O Qa5 11. Kb1 Rfc8 12. Bb3 Ne5 13. h4 b5 14. Ncxb5 Qxd2
15. Rxd2 Rab8 16. Nc3 a5 17. a4 Be8 18. Ndb5 Kf8 19. Re1 h5 20. f4 Nc4 21. Bxc4
Rxc4 22. Bd4 Bxb5 23. axb5 Ne8 24. Bxg7+ Kxg7 25. Rd3 Nc7 26. b3 Rc5 27. Kb2
Nxb5 28. Ra1 Nc7 29. Nd5 Nxd5 30. Rxd5 Rc4 31. Re1 a4 32. Rd3 Rbb4 33. Rde3 Kf6
34. g3 e5 35. Rf1 Rxe4 36. fxe5+ Kxe5 37. Rxe4+ Rxe4 38. Rxf7 axb3 39. cxb3
Re2+ 40. Ka3 Rg2 41. Re7+ Kf5 42. Rf7+ Ke4 43. Rf6 d5 44. Rxg6 d4 45. b4 d3 46.
Kb3 Ke3 47. b5 Rg1 48. Re6+ Kd2 49. Re5 Rxg3 50. Rxh5 Rg1 51. Kb4 Rg4+ 52. Kc5
Kc3 53. b6 Rc4+ 54. Kb5 d2 55. Rd5 Rd4 0-1

[Event "Masters"]
[Site "Clichy"]
[Date "1998.??.??"]
[Round "2"]
[White "Montheard, Xavier"]
[Black "Murrey, Yaacov"]
[Result "1/2-1/2"]
[WhiteElo "2220"]
[BlackElo "2420"]
[PlyCount "104"]
[EventDate "1998.??.??"]

1. e4 c5 2. Nf3 Nc6 3. Nc3 Nf6 4. Bb5 Qc7 5. O-O e6 6. Bxc6 Qxc6 7. Qe2 d5 8.
e5 Nd7 9. d4 a6 10. a4 b6 11. Be3 Be7 12. a5 b5 13. dxc5 Nxc5 14. Nd4 Qc7 15.
Qg4 Bf8 16. b4 Nb7 17. Bd2 Nd8 18. Rfe1 Nc6 19. Nxc6 Qxc6 20. Qd4 Be7 21. Ne2
O-O 22. Qd3 Qc4 23. Nd4 f6 24. Qxc4 dxc4 25. Nc6 Re8 26. Nxe7+ Rxe7 27. Bc3 f5
28. Rad1 Bb7 29. Rd6 Be4 30. Re2 Kf7 31. f3 Bd5 32. Bd2 h6 33. h4 Kg6 34. Kf2
c3 35. Bxc3 f4 36. Rd2 Kh5 37. Rd4 Rc7 38. Bd2 Rxc2 39. Ke1 g5 40. hxg5 hxg5
41. g4+ fxg3 42. Rg4 Rf8 43. Rxg5+ Kh4 44. Rd7 Kh3 45. Kf1 Rh8 46. Be1 Rg2 47.
Rxd5 exd5 48. e6 Kh2 49. e7 Rg1+ 50. Ke2 Re8 51. Rg7 Kh3 52. f4 g2 1/2-1/2

[Event "Masters"]
[Site "Clichy"]
[Date "1998.??.??"]
[Round "3"]
[White "Georghiou, Paul"]
[Black "Verat, Laurent"]
[Result "1-0"]
[WhiteElo "2245"]
[BlackElo "2300"]
[PlyCount "145"]
[EventDate "1998.??.??"]

1. e4 c6 2. d4 d5 3. exd5 cxd5 4. c4 Nf6 5. Nc3 e6 6. Nf3 Bb4 7. cxd5 exd5 8.
Bd3 O-O 9. h3 Re8+ 10. Be3 Ne4 11. Qc2 Nc6 12. O-O Bxc3 13. bxc3 Qf6 14. Nh2 h5
15. Rae1 Bf5 16. g4 Bd7 17. f3 Nd6 18. Qg2 Nc4 19. Bxc4 dxc4 20. gxh5 Kh8 21.
Kh1 Qf5 22. Rg1 Rg8 23. Qg5 Qxh3 24. d5 f6 25. Qf4 Ne5 26. Rg3 Nd3 27. Qd6 Qf5
28. Reg1 Rae8 29. Bd4 Ne5 30. h6 g6 31. f4 Nf7 32. Qxf6+ Qxf6 33. Bxf6+ Kh7 34.
Nf3 Bf5 35. d6 Re6 36. Ng5+ Nxg5 37. fxg5 Be4+ 38. Kh2 Rxd6 39. Re3 Rd2+ 40.
Kg3 Re8 41. Rge1 Rd3 42. Kf4 Rxe3 43. Rxe3 Bc6 44. Be7 a6 45. Re5 Bg2 46. Ke3
Bc6 47. Kd4 Bb5 48. Kd5 Kg8 49. Ke6 Rc8 50. Re1 Rc6+ 51. Bd6 Rc8 52. Kf6 Re8
53. Be7 Kh7 54. Kf7 Bc6 55. Re5 Bd7 56. Rd5 Bc6 57. Rd6 Rc8 58. Bd8 Ba4 59. Ke7
Rc5 60. Kf7 Rc8 61. Rd4 Bb5 62. Bf6 Be8+ 63. Ke7 Bb5 64. Rf4 Re8+ 65. Kd6 Rf8
66. Kc7 Rf7+ 67. Kb6 Rd7 68. Be5 Re7 69. Bd4 Kg8 70. Rf6 Be8 71. Bc5 Rf7 72.
Rxg6+ Kh7 73. Re6 1-0

[Event "Masters"]
[Site "Clichy"]
[Date "1998.??.??"]
[Round "3"]
[White "Bergez, Luc"]
[Black "Montheard, Xavier"]
[Result "1-0"]
[WhiteElo "2380"]
[BlackElo "2220"]
[PlyCount "43"]
[EventDate "1998.??.??"]

1. e4 c5 2. Nf3 d6 3. d4 cxd4 4. Nxd4 Nf6 5. Nc3 g6 6. Be3 Bg7 7. f3 O-O 8. Qd2
Nc6 9. O-O-O Ne5 10. Bg5 Bd7 11. Qe1 Rc8 12. f4 Nc4 13. e5 dxe5 14. fxe5 Ng4
15. e6 Qb6 16. Bxc4 Rxc4 17. exd7 Bxd4 18. Bxe7 Rxc3 19. Rxd4 Qxd4 20. Qxc3
Qxd7 21. Bxf8 Kxf8 22. Qh8+ 1-0

[Event "Masters"]
[Site "Clichy"]
[Date "1998.??.??"]
[Round "3"]
[White "Murrey, Yaacov"]
[Black "Vigus, James"]
[Result "1/2-1/2"]
[WhiteElo "2420"]
[BlackElo "2260"]
[PlyCount "57"]
[EventDate "1998.??.??"]

1. e4 d6 2. d4 Nf6 3. Nc3 g6 4. Be2 Bg7 5. e5 dxe5 6. dxe5 Qxd1+ 7. Bxd1 Nfd7
8. f4 c6 9. Nf3 Na6 10. Be3 Nb6 11. Be2 Nb4 12. O-O-O N4d5 13. Nxd5 Nxd5 14.
Bd2 Bg4 15. c4 Nb6 16. b3 O-O-O 17. Ba5 Rxd1+ 18. Bxd1 Bxf3 19. Bxf3 e6 20. g4
g5 21. fxg5 Nd7 22. h4 Nxe5 23. Be2 b6 24. Bd2 Rd8 25. Rf1 Kd7 26. Kc2 Ke7 27.
a4 c5 28. Bc3 Kf8 29. Bxe5 1/2-1/2

[Event "Masters"]
[Site "Clichy"]
[Date "1998.??.??"]
[Round "3"]
[White "Grimberg, Gilbert"]
[Black "Berthelot, Yannick"]
[Result "1-0"]
[WhiteElo "2230"]
[BlackElo "2285"]
[PlyCount "47"]
[EventDate "1998.??.??"]

1. f4 d5 2. Nf3 Nf6 3. g3 g6 4. Bg2 Bg7 5. O-O O-O 6. d3 b6 7. Qe1 Bb7 8. Nc3
Nbd7 9. h3 e6 10. g4 Re8 11. Qg3 c5 12. Bd2 a6 13. Rae1 b5 14. Nd1 Qc7 15. Qh4
e5 16. fxe5 Nxe5 17. Bh6 Bh8 18. Nxe5 Qxe5 19. Rf5 Qd6 20. Ref1 Re6 21. R5f2
Bc6 22. Bg5 d4 23. Bxc6 Qxc6 24. Bxf6 1-0

[Event "Masters"]
[Site "Clichy"]
[Date "1998.??.??"]
[Round "3"]
[White "Bellaiche, Anthony"]
[Black "Lukov, Valentin"]
[Result "0-1"]
[WhiteElo "2080"]
[BlackElo "2470"]
[PlyCount "65"]
[EventDate "1998.??.??"]

1. Nf3 Nf6 2. g3 d5 3. Bg2 c6 4. O-O h6 5. c4 dxc4 6. Qc2 Be6 7. Nc3 Na6 8. Rd1
Nb4 9. Qa4 a5 10. a3 b5 11. Nxb5 cxb5 12. Qxb5+ Bd7 13. Qxc4 Rc8 14. Qh4 Nc2
15. Rb1 e6 16. e4 Be7 17. e5 g5 18. Nxg5 Nh7 19. Qh5 hxg5 20. d4 Bc6 21. d5
Bxd5 22. Bxd5 exd5 23. e6 O-O 24. exf7+ Kg7 25. h4 Rxf7 26. hxg5 Nxg5 27. Kg2
Qb6 28. Bf4 Rxf4 29. gxf4 Ne3+ 30. Kg1 Rh8 31. Qe2 Nh3+ 32. Kh2 Nxf4+ 33. Kg3
0-1

[Event "Masters"]
[Site "Clichy"]
[Date "1998.??.??"]
[Round "4"]
[White "Lukov, Valentin"]
[Black "Murrey, Yaacov"]
[Result "1/2-1/2"]
[WhiteElo "2470"]
[BlackElo "2420"]
[PlyCount "28"]
[EventDate "1998.??.??"]

1. d4 Nf6 2. c4 e6 3. Nc3 Bb4 4. Qc2 c5 5. dxc5 Nc6 6. a3 Bxc3+ 7. Qxc3 Ne4 8.
Qxg7 Qa5+ 9. b4 Nxb4 10. Qxh8+ Ke7 11. Bg5+ Nxg5 12. axb4 Qxb4+ 13. Kd1 Qb3+
14. Ke1 Qb4+ 1/2-1/2

[Event "Masters"]
[Site "Clichy"]
[Date "1998.??.??"]
[Round "4"]
[White "Bergez, Luc"]
[Black "Grimberg, Gilbert"]
[Result "1/2-1/2"]
[WhiteElo "2380"]
[BlackElo "2230"]
[PlyCount "111"]
[EventDate "1998.??.??"]

1. e4 e5 2. Nf3 Nf6 3. Nxe5 d6 4. Nxf7 Kxf7 5. d4 Qe8 6. Nc3 d5 7. e5 Bb4 8.
Qf3 Kg8 9. Bd3 Ne4 10. O-O Bxc3 11. bxc3 Nc6 12. Bxe4 dxe4 13. Qxe4 Qg6 14. Qe2
Be6 15. f4 Qf7 16. Qb5 Rb8 17. Rb1 h5 18. f5 Bxa2 19. e6 Qf6 20. Rb2 Nxd4 21.
Qd3 Nxf5 22. Rxa2 g6 23. Qc4 Rh7 24. e7+ Rf7 25. Qxc7 Qb6+ 26. Qxb6 axb6 27.
Bg5 Nxe7 28. Rxf7 Kxf7 29. Rb2 Rd8 30. Bxe7 Kxe7 31. Rxb6 Rd6 32. Rxb7+ Kf6 33.
Rb1 Rd2 34. Rb2 Kf5 35. h3 Kg5 36. Kh2 Re2 37. c4 Re4 38. Rb4 Re2 39. c3 Re3
40. h4+ Kh6 41. Rb8 Re4 42. Rc8 Rxh4+ 43. Kg3 Rh1 44. Ra8 Rc1 45. Ra3 Rf1 46.
c5 Rf5 47. Ra5 g5 48. Ra6+ Kg7 49. Ra7+ Kg6 50. Ra6+ Kg7 51. c6 Rc5 52. Kf3
Rxc3+ 53. Ke4 g4 54. Kd5 Rc2 55. Ra4 Kf6 56. Rc4 1/2-1/2

[Event "Masters"]
[Site "Clichy"]
[Date "1998.??.??"]
[Round "4"]
[White "Verat, Laurent"]
[Black "Bellaiche, Anthony"]
[Result "1/2-1/2"]
[WhiteElo "2300"]
[BlackElo "2080"]
[PlyCount "45"]
[EventDate "1998.??.??"]

1. Nf3 Nf6 2. g3 g6 3. Bg2 Bg7 4. O-O O-O 5. d3 d6 6. Nbd2 c6 7. e4 Nbd7 8. c3
e5 9. Nc4 Qc7 10. Re1 Re8 11. d4 exd4 12. Qxd4 d5 13. Bf4 Qd8 14. e5 Ne4 15.
Rxe4 dxe4 16. Ng5 Nxe5 17. Bxe5 Bxe5 18. Qxd8 Rxd8 19. Nxe5 f6 20. Nxc6 bxc6
21. Nxe4 Kf7 22. Nc5 Rd6 23. b4 1/2-1/2

[Event "Masters"]
[Site "Clichy"]
[Date "1998.??.??"]
[Round "4"]
[White "Berthelot, Yannick"]
[Black "Georghiou, Paul"]
[Result "1-0"]
[WhiteElo "2285"]
[BlackElo "2245"]
[PlyCount "73"]
[EventDate "1998.??.??"]

1. e4 e6 2. d4 d5 3. Nc3 Bb4 4. e5 b6 5. a3 Bf8 6. Bb5+ c6 7. Ba4 a5 8. Nce2
Ba6 9. c3 Ne7 10. Nf3 Nf5 11. h4 Be7 12. h5 Nh4 13. Nxh4 Bxh4 14. Nf4 Bb5 15.
Bxb5 cxb5 16. Qg4 Bg5 17. Nxe6 fxe6 18. Bxg5 Qd7 19. O-O Nc6 20. f4 O-O 21. Qh3
b4 22. axb4 axb4 23. Rxa8 Rxa8 24. f5 Re8 25. h6 bxc3 26. bxc3 g6 27. fxg6 hxg6
28. Rf6 Kh7 29. Qf3 Nd8 30. Rf8 Rxf8 31. Qxf8 Nc6 32. Bf6 g5 33. Qh8+ Kg6 34.
Qg8+ Kxh6 35. Qxg5+ Kh7 36. Qh5+ Kg8 37. Qh8+ 1-0

[Event "Masters"]
[Site "Clichy"]
[Date "1998.??.??"]
[Round "4"]
[White "Montheard, Xavier"]
[Black "Vigus, James"]
[Result "1/2-1/2"]
[WhiteElo "2220"]
[BlackElo "2260"]
[PlyCount "144"]
[EventDate "1998.??.??"]

1. e4 d6 2. d4 Nf6 3. Nc3 g6 4. f4 Bg7 5. Nf3 c5 6. Bb5+ Bd7 7. e5 Ng4 8. h3
Bxb5 9. Nxb5 dxe5 10. hxg4 Qa5+ 11. Qd2 Qxb5 12. dxe5 Nc6 13. c3 Qc4 14. Qe2
Qxe2+ 15. Kxe2 h6 16. Be3 b6 17. Rad1 Rd8 18. Nd2 Kd7 19. a4 Kc7 20. Nc4 Rxd1
21. Rxd1 Rd8 22. Rb1 f6 23. exf6 Bxf6 24. a5 Rd5 25. axb6+ axb6 26. Nd2 Bg7 27.
Rf1 e6 28. Kf3 Rd8 29. Ke4 Ra8 30. Kd3 Rd8+ 31. Ke4 Ra8 32. f5 exf5+ 33. gxf5
Re8+ 34. Kd3 Ne5+ 35. Kc2 gxf5 36. Rxf5 Kc6 37. Bxh6 Bxh6 38. Rf6+ Kd5 39. Rxh6
Rg8 40. Rxb6 Rxg2 41. Rb8 Nc4 42. Rd8+ Kc6 43. b3 Nxd2 44. Rxd2 Rg3 45. Re2 Kb5
46. Kd2 Rh3 47. Re5 Rh2+ 48. Kd3 Rh3+ 49. Re3 Rh4 50. Kd2 Rh2+ 51. Re2 Rh3 52.
Kc2 Rg3 53. Kb2 Rf3 54. Re5 Kc6 55. Rg5 Rf6 56. Ka3 Kb6 57. c4 Rf8 58. Rg6+ Kc7
59. Ka4 Rb8 60. Ra6 Rb4+ 61. Ka3 Rb8 62. Rg6 Kd7 63. Kb2 Kc7 64. Kc3 Rh8 65.
Ra6 Rb8 66. Ra7+ Kb6 67. Rg7 Kc6 68. Rg3 Kc7 69. Rd3 Kc6 70. Kd2 Re8 71. Re3
Rd8+ 72. Ke2 Rb8 1/2-1/2

[Event "Masters"]
[Site "Clichy"]
[Date "1998.??.??"]
[Round "5"]
[White "Georghiou, Paul"]
[Black "Bergez, Luc"]
[Result "1-0"]
[WhiteElo "2245"]
[BlackElo "2380"]
[PlyCount "93"]
[EventDate "1998.??.??"]

1. d4 d5 2. c4 c6 3. Nf3 Nf6 4. Nc3 e6 5. Bg5 h6 6. Bxf6 Qxf6 7. e3 Nd7 8. Bd3
g6 9. e4 dxe4 10. Nxe4 Bb4+ 11. Kf1 Qe7 12. c5 Ba5 13. Nd6+ Kf8 14. Ne5 Nxe5
15. dxe5 Bb4 16. Rc1 b6 17. Qf3 Kg7 18. Ne4 Bxc5 19. Qf6+ Qxf6 20. exf6+ Kh7
21. Nxc5 bxc5 22. Rxc5 Rb8 23. b3 Rd8 24. Ke2 Rd6 25. Rd1 Kg8 26. Be4 Rxd1 27.
Kxd1 Bb7 28. Kd2 Rc8 29. Ra5 a6 30. Kc3 Kf8 31. b4 Ke8 32. Bd3 Ra8 33. Kc4 Kd7
34. Kc5 Kc7 35. Ra3 Rd8 36. Be4 Bc8 37. Rd3 Rg8 38. Bxc6 g5 39. g4 h5 40. b5
axb5 41. Ra3 hxg4 42. Ra7+ Kd8 43. Kd6 Rh8 44. Rxf7 b4 45. Re7 e5 46. Rxe5 Rg8
47. f7 1-0

[Event "Masters"]
[Site "Clichy"]
[Date "1998.??.??"]
[Round "5"]
[White "Murrey, Yaacov"]
[Black "Verat, Laurent"]
[Result "1/2-1/2"]
[WhiteElo "2420"]
[BlackElo "2300"]
[PlyCount "88"]
[EventDate "1998.??.??"]

1. c4 e6 2. g3 Nf6 3. Bg2 d5 4. Nf3 Be7 5. O-O O-O 6. d3 b6 7. Nc3 Bb7 8. Bf4
c5 9. cxd5 Nxd5 10. Nxd5 Bxd5 11. Rc1 Nd7 12. e4 Bb7 13. Qe2 g5 14. Be3 g4 15.
Ne1 h5 16. Rd1 e5 17. f3 Nf6 18. fxg4 Nxg4 19. Bc1 Bg5 20. h3 Bxc1 21. Rxc1
Qd4+ 22. Kh1 Qe3 23. Rc2 Qxe2 24. Rxe2 Nh6 25. Bf3 f5 26. Bxh5 fxe4 27. Rxf8+
Rxf8 28. dxe4 Nf5 29. Kg2 Nd4 30. Re3 Nf5 31. Ra3 Bxe4+ 32. Bf3 Bxf3+ 33. Nxf3
e4 34. Nh4 Nxh4+ 35. gxh4 Rd8 36. Rxa7 Rd2+ 37. Kg3 Rxb2 38. Kf4 e3 39. Kxe3
Rh2 40. Kf4 Rxh3 41. Kg5 c4 42. a4 c3 43. Rc7 Rg3+ 44. Kh5 Rd3 1/2-1/2

[Event "Masters"]
[Site "Clichy"]
[Date "1998.??.??"]
[Round "5"]
[White "Grimberg, Gilbert"]
[Black "Montheard, Xavier"]
[Result "1-0"]
[WhiteElo "2230"]
[BlackElo "2220"]
[PlyCount "99"]
[EventDate "1998.??.??"]

1. d4 Nf6 2. Nf3 c5 3. d5 d6 4. c4 e6 5. Nc3 exd5 6. cxd5 g6 7. g3 Bg7 8. Bg2
O-O 9. O-O Re8 10. Re1 Ne4 11. Nxe4 Rxe4 12. Qc2 Re8 13. Bd2 Bg4 14. Bc3 Bxf3
15. Bxf3 b5 16. a4 b4 17. Bxg7 Kxg7 18. e4 Nd7 19. Be2 h5 20. Bb5 h4 21. f4
hxg3 22. hxg3 Rh8 23. Kg2 Nf6 24. Be2 c4 25. Bf3 Qc8 26. Rh1 Qc5 27. Qf2 Rac8
28. Rxh8 Kxh8 29. Rc1 Kg7 30. Qxc5 Rxc5 31. Kf2 Nd7 32. Ke3 Nb6 33. e5 Kf8 34.
exd6 Ra5 35. Kd4 Ke8 36. Re1+ Kd8 37. Re7 f5 38. Ke5 c3 39. bxc3 b3 40. Ke6 b2
41. Rh7 Kc8 42. Rh8+ Kb7 43. Rh7+ Kc8 44. Rh8+ Kb7 45. Rh1 Rxa4 46. Rb1 Ra2 47.
d7 Kc7 48. Ke7 Nxd7 49. d6+ Kc8 50. Bd5 1-0

[Event "Masters"]
[Site "Clichy"]
[Date "1998.??.??"]
[Round "5"]
[White "Vigus, James"]
[Black "Lukov, Valentin"]
[Result "1/2-1/2"]
[WhiteElo "2260"]
[BlackElo "2470"]
[PlyCount "74"]
[EventDate "1998.??.??"]

1. c4 e5 2. Nc3 d6 3. Nf3 f5 4. d4 e4 5. Ng5 Be7 6. Nh3 c6 7. g3 Nf6 8. Bg2 Na6
9. d5 O-O 10. O-O Kh8 11. f3 Qb6+ 12. Kh1 Qc5 13. fxe4 fxe4 14. Qb3 Qd4 15. Ng5
Nc5 16. Qc2 h6 17. Ngxe4 Nfxe4 18. Rxf8+ Bxf8 19. Nxe4 Bf5 20. Qd2 Qxc4 21.
Nxc5 dxc5 22. dxc6 bxc6 23. b3 Qe6 24. Bb2 Be4 25. Bf3 Be7 26. Kg1 Bg5 27. Qc3
Bf6 28. Qc1 Bxf3 29. Bxf6 Qxf6 30. exf3 Rd8 31. Kg2 Rd3 32. Qf4 Qxf4 33. gxf4
c4 34. Rc1 c3 35. Kg3 g6 36. Rc2 Kg7 37. Kf2 c5 1/2-1/2

[Event "Masters"]
[Site "Clichy"]
[Date "1998.??.??"]
[Round "5"]
[White "Bellaiche, Anthony"]
[Black "Berthelot, Yannick"]
[Result "0-1"]
[WhiteElo "2080"]
[BlackElo "2285"]
[PlyCount "60"]
[EventDate "1998.??.??"]

1. d4 Nf6 2. c4 g6 3. Nc3 Bg7 4. e4 d6 5. Nf3 O-O 6. Be2 e5 7. O-O Nc6 8. d5
Ne7 9. b4 Nh5 10. Re1 f5 11. Nd2 Nf4 12. Bf1 g5 13. g3 Nfg6 14. exf5 Bxf5 15.
Nde4 h6 16. c5 a6 17. Ba3 Qd7 18. cxd6 cxd6 19. b5 Bg4 20. Qb3 Nf5 21. Qb4 Rf7
22. Nxd6 Nxd6 23. Qxd6 Qf5 24. Qb6 e4 25. Rac1 Ne5 26. Kh1 Nd3 27. Bg2 Nxe1 28.
Rxe1 Bxc3 29. Rxe4 Bf3 30. Re6 Qb1+ 0-1

[Event "Masters"]
[Site "Clichy"]
[Date "1998.??.??"]
[Round "6"]
[White "Bergez, Luc"]
[Black "Bellaiche, Anthony"]
[Result "1-0"]
[WhiteElo "2380"]
[BlackElo "2080"]
[PlyCount "47"]
[EventDate "1998.??.??"]

1. d4 Nf6 2. c4 g6 3. Nc3 Bg7 4. e4 d6 5. Be2 O-O 6. Bg5 Nbd7 7. f4 c5 8. d5 a6
9. Nf3 Qc7 10. Qd2 h6 11. Bh4 Rb8 12. a4 Re8 13. O-O Nf8 14. h3 N6d7 15. Bd3
Bf6 16. Bg3 e6 17. dxe6 fxe6 18. Rad1 Bd4+ 19. Kh1 Kg7 20. Bc2 e5 21. Nd5 Qc6
22. f5 Nf6 23. Nxf6 Kxf6 24. Qxh6 1-0

[Event "Masters"]
[Site "Clichy"]
[Date "1998.??.??"]
[Round "6"]
[White "Grimberg, Gilbert"]
[Black "Georghiou, Paul"]
[Result "0-1"]
[WhiteElo "2230"]
[BlackElo "2245"]
[PlyCount "122"]
[EventDate "1998.??.??"]

1. e4 c6 2. d4 d5 3. exd5 cxd5 4. Bd3 Nc6 5. c3 g6 6. Nf3 Bf5 7. O-O Bxd3 8.
Qxd3 Bg7 9. Re1 Nf6 10. Bg5 Ne4 11. Nbd2 Nxd2 12. Qxd2 O-O 13. Re2 Re8 14. Rae1
Qd7 15. Bh6 b5 16. Bxg7 Kxg7 17. Ne5 Nxe5 18. dxe5 Qe6 19. Re3 Rad8 20. Rh3 h5
21. Rh4 a6 22. Rd4 Rd7 23. f4 Rc8 24. b3 Rdc7 25. Re3 Qf5 26. Rxd5 Qxf4 27. g3
Qg4 28. e6 fxe6 29. Rde5 Rc6 30. R3e4 Qf3 31. Rf4 Qxc3 32. Qxc3 Rxc3 33. Rxe6
Rc1+ 34. Kg2 R8c2+ 35. Rf2 Rxf2+ 36. Kxf2 Rc2+ 37. Kg1 Rxa2 38. Rxe7+ Kf6 39.
Rb7 Kf5 40. Rf7+ Ke5 41. Rg7 Kf6 42. Rb7 Kg5 43. Rf7 h4 44. gxh4+ Kxh4 45. Rf6
g5 46. b4 Kg4 47. Kh1 Ra4 48. Kg2 Ra2+ 49. Kh1 Rb2 50. Rxa6 Rxb4 51. Rb6 Rb2
52. Rb8 Rb4 53. Kg2 Kf4 54. Rf8+ Ke3 55. Rf3+ Kd2 56. Rf2+ Kc3 57. Rf3+ Kc2 58.
Rf2+ Kb3 59. Kg3 g4 60. Rf5 Ka4 61. Kf2 Re4 0-1

[Event "Masters"]
[Site "Clichy"]
[Date "1998.??.??"]
[Round "6"]
[White "Verat, Laurent"]
[Black "Vigus, James"]
[Result "1-0"]
[WhiteElo "2300"]
[BlackElo "2260"]
[PlyCount "99"]
[EventDate "1998.??.??"]

1. d4 d5 2. c4 c6 3. Nf3 Nf6 4. Qc2 dxc4 5. Qxc4 Bf5 6. Nc3 e6 7. g3 Nbd7 8.
Bg2 Be7 9. O-O O-O 10. Bg5 Ne4 11. Bxe7 Qxe7 12. Rfd1 Nxc3 13. Qxc3 Be4 14. b4
a5 15. bxa5 Qd8 16. Qb4 Qc7 17. a4 Rxa5 18. h3 h6 19. Rdc1 Rfa8 20. Qe7 Qd8 21.
Qxd8+ Rxd8 22. Nd2 Bxg2 23. Nb3 Raa8 24. Kxg2 e5 25. dxe5 Nxe5 26. a5 Rd5 27.
Nc5 Ra7 28. e4 Rd2 29. Rcb1 Nc4 30. Nxb7 Ra6 31. Rc1 Rb2 32. Rxc4 Rxb7 33. Kf3
Rb5 34. Rca4 f5 35. R1a2 Kf7 36. exf5 Rxf5+ 37. Rf4 Kg6 38. Rxf5 Kxf5 39. Ke3
Ke5 40. Kd3 Kd5 41. Kc3 Kc5 42. f4 Kb5 43. Kd4 c5+ 44. Kd5 Kb4 45. Rc2 Rf6 46.
Rc4+ Kxa5 47. Rxc5+ Kb6 48. Rc3 h5 49. Ke5 Kb7 50. f5 1-0